LEADER 01127nam a2200277 i 4500 001 000000219792 003 CaOOAMICUS 005 20130410000000.0 008 130410s2009 it u000 u ita u 013 $a198689 020 $a978-88-86270-82-3 040 $aSeMil$bita 100 1 $aNoordia, Bob.$0(OLS)http://semarc/name/77117 245 10$aBob Noorda :$buna vita nel segno della grafica /$cdialogo con Francesco Dondina. 260 $aMilano :$bEditrice San Raffaele,$c2009. 300 $a159 p. :$bill. ;$c21 cm. 500 $aFondo card. C. M. Martini. 650 4$aDisegno industriale.$0(OLS)http://semarc/subject/6608 700 1 $aDondina, Francesco.$0(OLS)http://semarc/name/70006 850 $aSeMil 852 $aSeMil$W1$xVenegono$y1$m3M II 318$j170153$B170153$CSeMilBibl$Z2$F182404 $81 941 1 $a4 961 $aLascito: Martini Card. Carlo Maria 996 $6020$a978-88-86270-82-3$9(OLS)http://semarc/number/218055 996 $6245$aBob Noorda :$buna vita nel segno della grafica$9(OLS)http://semarc/title/315297 996 $6260$aMilano :$bEditrice San Raffaele$9(OLS)http://semarc/publisher/49537 LEADER 01499nam a2200301 i 4500 001 000000105349 003 CaOOAMICUS 005 20250813103615.0 008 150828s1982 be u000 u lat u 013 $a77539 020 $a2-503-63552-0 040 $aSeMil$bita 100 1 $aRudolfus : de Liebegg.$0(OLS)http://semarc/name/44425 245 10$aRudolfi de Liebegg Pastorale novellum /$ccurante CETEDOC. 260 $aTurnhout :$bBrepols,$c1982. 300 $a63 p. ;$c26 cm + 6 microfiches. 490 0 $aCorpus Christianorum. Instrumenta lexicologica latina. Ser. A, Formae ;$vFasc.5 500 $aSpoglio lessicale 710 2 $aUniversité Catholique : Centre de traitement èlectronique des documents.$0(OLS)http://semarc/name/60 780 00$aRudolfus : de Liebegg$tRudolfi de Liebegg Pastorale novellum.$dTurnhout : Brepols, 1982.$kCorpus Christianorum. Continuatio Mediaevalis$z2-503-03552-3$z2-503-03551-5$w()105348 830 0$aCorpus Christianorum. Instrumenta lexicologica latina. Ser. A, Formae ;$v5.$0(OLS)http://semarc/title/82 850 $aSeMil 852 $aSeMil$W1$xVenegono$y1$mSL2.G CC.CM.ILL 5$j255612$B61597$CSeMilBibl$Z2$F71023 $8I 961 $aSottoscrizione: Brepols 996 $6020$a2-503-63552-0$9(OLS)http://semarc/number/85408 996 $6245$aRudolfi de Liebegg Pastorale novellum$9(OLS)http://semarc/title/152569 996 $6260$aTurnhout :$bBrepols$9(OLS)http://semarc/publisher/29626